000 005420000a22001810004500
003 MACL
005 20160403164402.0
008 160403b xxu||||| |||| 00| 0 eng d
040 _aMACL
_cMACL
041 _aHindi
082 _a400
100 _aसं डॉ त्रिभुवन राय
_950461
245 _aअनुवाद स्‍वरूप और आयाम
260 _bकौशिक प्रकाशन
_c2003
_aइलाहाबाद
350 _a225
650 _aLanguage
_950462
942 _cHIN
_k400
_2ddc
999 _c18021
_d18021